El Desfile de carrozas : símbolo de la unidad de la Provincia / por José Ma Lladó Bausili símbolo de la unidad de la Provincia / por José Ma Lladó Bausili
Publicado:
San Jorge, suplement del núm. 23 (juliol 1956), pàg 8 - 11 :
MARC
| LEADER | 00000nam a2200000Ia 4500 | ||
|---|---|---|---|
| 001 | |||
| 008 | 160829s9999 xx 000 0 cat d | ||
| 100 | 1 | |a Lladó Bausili, Josep Maria, |d 1903-1956 |9 55943 | |
| 245 | |a El Desfile de carrozas : |b símbolo de la unidad de la Provincia / por José Ma Lladó Bausili | ||
| 260 | |a San Jorge, suplement del núm. 23 (juliol 1956), pàg 8 - 11 | ||
| 590 | |a Existeix un duplicat al volum Separates amb R. 17658. | ||
| 650 | |a Vehicles de tracció animal |x Barcelona (Provincia) |9 41073 | ||
| 901 | |a Arxiu | ||
| 942 | |n 1 | ||
| 952 | |0 0 |1 0 |4 0 |7 1 |9 50028 |a Arxiu |b Arxiu |d 2016-12-01 |l 0 |r 2016-12-01 00:00:00 |w 2016-12-01 |y ARXIU | ||
| 999 | |c 53870 |d 53870 | ||